|
|
|
|
| LEADER |
01737nam a2200385 i 4500 |
| 001 |
EBC2088242 |
| 003 |
MiAaPQ |
| 005 |
20200124063947.0 |
| 006 |
m o d | |
| 007 |
cr cnu|||||||| |
| 008 |
200124s2013 be o 000 0 fre d |
| 020 |
|
|
|z 9782804464608
|
| 020 |
|
|
|a 9782804464615
|q (electronic bk.)
|
| 035 |
|
|
|a (MiAaPQ)EBC2088242
|
| 035 |
|
|
|a (Au-PeEL)EBL2088242
|
| 035 |
|
|
|a (OCoLC)914149481
|
| 040 |
|
|
|a MiAaPQ
|b eng
|e rda
|e pn
|c MiAaPQ
|d MiAaPQ
|
| 050 |
|
4 |
|a JX1977
|b .P547 2013
|
| 082 |
0 |
|
|a 341.484
|2 23
|
| 100 |
1 |
|
|a Pieron, Astrid,
|e author.
|
| 245 |
1 |
0 |
|a Residence fiscale et fiscalite Belge des non-residents /
|c Astrid Pieron.
|
| 264 |
|
1 |
|a Bruxelles :
|b Larcier :
|b Solvay Brussels School of Economics & Management,
|c [2013]
|
| 264 |
|
4 |
|c 2013
|
| 300 |
|
|
|a 1 online resource (391 pages).
|
| 336 |
|
|
|a text
|b txt
|2 rdacontent
|
| 337 |
|
|
|a computer
|b c
|2 rdamedia
|
| 338 |
|
|
|a online resource
|b cr
|2 rdacarrier
|
| 490 |
0 |
|
|a Bibliotheque fiscale de la Solvay Brussels School of Economics and Management
|
| 588 |
|
|
|a Description based on print version record.
|
| 590 |
|
|
|a Electronic reproduction. Ann Arbor, MI : ProQuest, 2018. Available via World Wide Web. Access may be limited to ProQuest affiliated libraries.
|
| 650 |
|
0 |
|a Aliens
|x Taxation.
|
| 655 |
|
4 |
|a Electronic books.
|
| 776 |
0 |
8 |
|i Print version:
|a Pieron, Astrid.
|t Residence fiscale et fiscalite Belge des non-residents.
|d Bruxelles : Larcier ; Solvay Brussels School of Economics & Management, c2013
|h 391 pages
|k Bibliotheque fiscale de la Solvay Brussels School of Economics and Management
|z 9782804464608
|
| 797 |
2 |
|
|a ProQuest (Firm)
|
| 856 |
4 |
0 |
|u https://ebookcentral.proquest.com/lib/matrademy/detail.action?docID=2088242
|z Click to View
|